El condicionamiento (Registro nro. 10823)

000 -CABECERA
Campo de control de longitud fija 01326nam a22002657a 4500
003 - IDENTIFICADOR DEL NÚMERO DE CONTROL
Campo de control OSt
005 - FECHA Y HORA DE LA ÚLTIMA TRANSACCIÓN
Campo de control 20260409113048.0
008 - CÓDIGOS DE INFORMACIÓN DE LONGITUD FIJA
Campo de control de longitud fija 260409t1971 xxu||||| |||| 00| 0 spa d
040 ## - FUENTE DE LA CATALOGACIÓN
Centro catalogador de origen Unicoc
Lengua de catalogación spa
Centro que cataloga Bogotá (Dr. David Ordóñez Rueda) - Campus Norte
Centro modificador Bogotá (Dr. David Ordóñez Rueda) - Campus Norte
082 ## - NÚMERO DE LA CLASIFICACIÓN DECIMAL DEWEY
Número de clasificación 153.15
100 ## - PUNTO DE ACCESO PRINCIPAL - NOMBRE DE PERSONA
9 (RLIN) 12876
Nombre de persona Le Ny, Jean-Francois
245 ## - MENCIÓN DE TÍTULO
Título El condicionamiento
Subtitulo o Resto del título : de la reacción condicional clásica a la reacción instrumental en el hombre
Mención de responsabilidad etc. / Le Ny, Jean-Francois
250 ## - MENCIÓN DE EDICIÓN
Mención de edición 1 Ed.
260 ## - PUBLICATION, DISTRIBUTION, ETC. (IMPRINT)
Lugar de publicación distribución etc. España :
Nombre del editor distribuidor etc. Península ,
Fecha de publicación distribución etc. 1971.
300 ## - DESCRIPCIÓN FÍSICA
Extensión 181 páginas
Otras características físicas Gráficas
500 ## - NOTA GENERAL
Nota general Incluye Índice y Referencias bibliográficas.
505 ## - NOTA DE CONTENIDO CON FORMATO
Título Capítulo 1. La reacción condicional clásica. --
-- Capítulo 2. Ampliación de la noción de condicionamiento. --
-- Capítulo 3. La extinción. --
-- Capítulo 4. La generalización condicional. --
-- Capítulo 5. El análisis. --
-- Capítulo 6. Motivación y refuerzo. --
-- Capítulo 7. Las actividades superiores.
526 ## - NOTA DE INFORMACIÓN SOBRE EL PROGRAMA DE ESTUDIO
Institución que aplica el campo Unicoc
546 ## - NOTA DE LENGUA
Nota de lengua Español
650 #0 - PUNTO DE ACCESO ADICIONAL DE MATERIA - TÉRMINO DE MATERIA
9 (RLIN) 12799
Término de materia o nombre geográfico como elemento inicial Condicionamiento operante
650 #0 - PUNTO DE ACCESO ADICIONAL DE MATERIA - TÉRMINO DE MATERIA
9 (RLIN) 10631
Término de materia o nombre geográfico como elemento inicial Psicología experimental
658 #0 - TÉRMINO DE INDIZACIÓN - OBJETIVO CURRICULAR
9 (RLIN) 10741
Programa Académico Programa de Psicología
856 ## - LOCALIZACIÓN Y ACCESO ELECTRÓNICOS
Texto del enlace Acceso online exclusivo para comunidad Unicoc.
Identificador Uniforme del Recurso (URI) https://unicoceduco-my.sharepoint.com/:b:/g/personal/direccionbiblioteca_unicoc_edu_co/IQA2Fy706NxaSo4bsTr7ZN-FAXYFgo_7pdY2ICkWzrK7oIE
942 ## - ENTRADA PARA ELEMENTOS AGREGADOS (KOHA)
Fuente de clasificación o esquema de ordenación en estanterías
Koha [por defecto] tipo de item Libro electrónico
Existencias
Fuente de clasificación o esquema de ordenación en estanterías Fuente de adquisición Localización permanente No para préstamo Código de barras Código de colección Fecha del precio de reemplazo Fecha de adquisición Signatura completa Fecha última consulta Localización actual Estropeado Estado de pérdida Tipo de item de Koha Precio
 CompraBogotá (Dr. David Ordóñez Rueda) - Campus Norte Ebook10823Coleccion Online2026-04-092026-04-09153.152026-04-09Bogotá (Dr. David Ordóñez Rueda) - Campus Norte  Libro electrónico200000.00

© 2014 UNICOC | Institución Universitaria Colegios de Colombia - UNICOC
Bogotá D.C. Autopista Norte Km. 20. Teléfono:(571)6683535
Cali: Calle 13 Norte No. 3N-13. Teléfono: (572)6608887

Con tecnología de Koha